Регионална библиотека "Любен Каравелов" - Русе

Романът на императрицата (Запис номер 82398)

MARC детайли
000 -Лидер
Контролно поле с фиксирана дължина 02204nam a2200433 c 4500
003 - Код на организацията, давaща контролен номер
Контролно поле BLK
005 - Дата и час на последна редакция
Контролно поле 20231215180843.0
008 - Елементи от данни с фиксирана дължина
fixed length control field 180408b bul|||||r ||||||| ||bul||
010 ## - Наследен системен номер
LC control number KNG00086929000
020 ## - Международен стандартен номер на книга ISBN
Международен стандартен номер на книга ISBN 978-954-07-2576-5
-- издат.: Унив. изд. Св. Климент Охридски
040 ## - Източник на каталожния запис
Идентификатор на билиотеката - собственик на записа BLK
041 ## - Код за език
Код за езика на текст/звукозапис или на отделно заглавие Български
Код за езика КДБФ Български
080 ## - УДК
Текстов определител УДК Руска литература
УДК код - определител по УДК 821.161.1
УДК определител .09-94(092)
УДК - код + определител 821.161.1.09-94(092)
080 ## - УДК
Текстов определител УДК История на Русия и СССР. Вж и 936 ; 957
УДК код - определител по УДК 94(470)
УДК определител (092)
УДК - код + определител 94(470)(092)
080 ## - УДК
Текстов определител УДК София Фредерика Августа фон Анхалт-Цербст. Императрица на Русия
УДК код - определител по УДК 929 Екатерина ІІ Велика
УДК определител
УДК - код + определител 929 Екатерина ІІ Велика
100 1# - Редна дума - Автор
Автор Вачева, Ангелина Иванова
Авторска отговорност първи автор
R(LIN) 300503
139 ## - Редно поле
Редна дума Вачева, Ангелина Иванова
Авторски знак Вач - В 31
245 10 - Сведения за заглавието
Заглавие Романът на императрицата
Подзаглавни данни Романовият дискурс в автобиограф. записки на Екатерина ІІ ; Ракурси на четене през втората половина на ХІХ в.
Редно поле (дума) Ангелина Иванова Вачева.
257 ## - Страна на издаване
Страна на създаване/издаване България
260 ## - Област на издателските данни
-- София
Име на издателя, разпространителя и проч. Унив. изд. Св. Климент Охридски
Година на издаване 2008
300 ## - Физическа характеристика
Страници 362 с.
Илюстрации и др. с ил.
Размери/Мащаб 21 см
380 ## - Жанр
Жанр Литературознание
500 ## - Общи забележки
Забележка Библиогр. с. 324-342. - Списък на съкр. ; Списък на ил. ; Рез. на рус., англ. ез. ; Именен показалец.
504 ## - Забележка за наличие на библиография и др
Забележка за наличие на библиография и под. 324-342
600 14 - Име на лице, използвано като предмет
За него / За нея Екатерина ІІ Велика
9 (RLIN) 300504
650 #4 - Допълнително описание по предмет – тема
Основно описание – тема или топоним Мемоари
9 (RLIN) 161862
650 #4 - Допълнително описание по предмет – тема
Основно описание – тема или топоним Императори, руски
9 (RLIN) 285797
650 #4 - Допълнително описание по предмет – тема
Основно описание – тема или топоним История - Русия
9 (RLIN) 249447
653 ## - Ключова дума – ненормативна
Ключова дума мемоари
653 ## - Ключова дума – ненормативна
Ключова дума руска литература
653 ## - Ключова дума – ненормативна
Ключова дума императори
653 ## - Ключова дума – ненормативна
Ключова дума биографии
852 ## - Местоположение
Форматна сигнатура Цб 242156
856 4# - Електронен адрес и достъп
Електронен формат pdf - файл
Път до файла /url/
856 4# - Електронен адрес и достъп
Електронен формат pdf - файл
Път до файла /url/
942 ## - АРТИКУЛИ
Вид на библиотечния материал Книги
Скрит в OPAC Не
Koha issues (borrowed), all copies 1
944 ## - СЪЗДАВАНЕ И РЕДАКЦИЯ на ЗАПИСА
Създаване/Редакция Създаване
Дата на регистрацията/редакция 16.12.2008
Статус, дата на статуса Минев Младен
Служител, извършил регистрацията/редакцията 30530
944 ## - СЪЗДАВАНЕ И РЕДАКЦИЯ на ЗАПИСА
Създаване/Редакция Редакция
Дата на регистрацията/редакция 22.02.2018
Статус, дата на статуса ф /
Служител, извършил регистрацията/редакцията Геновева_Генчева
999 ## - СИСТЕМНИ КОНТРОЛНИ НОМЕРА
Koha biblionumber 82398
Koha biblioitemnumber 82398
Наличности
Код за отписване Код за изгубен артикул Източник на класификационната схема Код за повреда Коз за рестрикции Код за отдаване Артикулен № Име на библиотеката - собственик Име на библиотеката, в която се намира в момента Статус (Текущо местоположение) Дата на вписване в системата Местоположение - отдел Цена в лева Инвентарен номер Систематично азбучна сигнатура Баркод Номер на екземпляра Цена в евро Служебна бележка Служебен тип на артикула
  Не е изгубен Universal Decimal Classification Не е повреден без рестрикции заемане за дома 133983 Регионална библиотека "Любен Каравелов" Русе Регионална библиотека "Любен Каравелов" Русе Заемна - подръчен фонд 2008-12-16 Заемна - подръчен фонд 10.00 120000732183 П 821.161.1.09/Е 40 120000732183 1 5.11 Дост: Pk Вид: Ф N: 11855 Дата: 09.12.2008 Дата инв: 08.02.2018 Бележки инв: П2018 Книги
  Не е изгубен   Не е повреден без рестрикции ползва се в читалня 133984 Регионална библиотека "Любен Каравелов" Русе Регионална библиотека "Любен Каравелов" Русе Хранилище 2010-04-21 Хранилище 10.00 120000743657 Цб 242156 120000743657 2 5.11 Дост: Dp Вид: Д N: 41 Дата: 30.09.2009 Книги
Vip Innovations Ltd, Rousse, Bulgaria 2025